Caricamento...
VYASAPATHA
| Autore principale: | |
|---|---|
| Natura: | Printed Book |
| Pubblicazione: |
BOMBAY
BHARATI PRESS
1935
|
| Soggetti: |
| LEADER | 00387nam a2200169 4500 | ||
|---|---|---|---|
| 020 | |||
| 082 | |||
| 100 | |a NAGA LINGA SIVASADDYA | ||
| 245 | |a VYASAPATHA |h SANSKRIT | ||
| 250 | |||
| 260 | |a BOMBAY |b BHARATI PRESS |c 1935 | ||
| 300 | |f PB | ||
| 650 | |a VYASAPATHA | ||
| 700 | |||
| 942 | |c BK | ||
| 999 | |c 159357 |d 159357 | ||
| 952 | |0 0 |1 0 |4 0 |7 0 |9 172814 |a ORI |b ORI |l 0 |p ORIS1171 |r 2019-10-25 |w 2019-10-25 |y BK | ||